000 00713cab a2200253 4500
001 WB3114-65
008 090401t1995 xxu||||| |||| 00| 0 eng d
035 _a(Sirsi) u46451
041 _aeng
245 _aNational Forest
260 _c1995
350 _a0
490 _aDaily Telegraph
_v1 April 1995, 3(2)
520 _aExamines the progression of plans for the National Forest and considers the forerunners of the present scheme. Diagram.
650 _aCOMMUNITY FORESTS
650 _aFORESTRY
650 _aLANDOWNERS
650 _aNATIONAL FOREST COMPANY
650 _aNATIONAL FOREST
650 _aWOODLAND TENDER SCHEME
690 _aRURAL PRACTICE
942 _n0
948 _c04/03/1997
999 _c29391
_d29391